000 00500nam a2200145Ia 4500
008 100122s9999 xx 000 0 und d
082 _b19301
_a927.96358
100 _aपंडित बाळ ज
245 _aगाजलेले क्रिकेटपटू
260 _bस्वाती प्रकाशन
_c1973
300 _a228
630 _aगाजलेले क्रिकेटपटू
730 _aगाजलेले क्रिकेटपटू
942 _cBOOK
999 _c408399
_d408396